| 000 | 00639nam a2200193Ia 4500 | ||
|---|---|---|---|
| 008 | 151121s9999||||xx |||||||||||||| ||und|| | ||
| 082 | _a813 /‚िंगळे | ||
| 082 | _bHNW-77965 | ||
| 100 | _a‚िंगळे व।न। | ||
| 245 | _aदरिद्री नारायण | ||
| 260 | _b"साके त प्रकाशन, औरंगाबाद।" | ||
| 260 | _c-- | ||
| 300 | _a360 | ||
| 600 | _a‚िंगळे व।न। | ||
| 630 | _aदरिद्री नारायण | ||
| 700 | _a‚िंगळे व।न। | ||
| 730 | _aदरिद्री नारायण | ||
| 942 | _cBOOK | ||
| 999 |
_c1259371 _d1259368 |
||